000
00340nam a2200121Ia 4500
008
151213s9999 xx 000 0 und d
245
_a
Economics Performance Policy Issue & Priority Reforms Bangladesh
260
_a
South Asia Region
_b
The World Bank
_c
1997
300
_a
3022 p.
650
_a
Economics
650
_a
Economics
999
_c
2109
_d
2109